000 00817nam a2200253Ia 4500
001 21997
005 20260320113332.0
008 260320s9999||||xx |||||||||||||| ||und||
020 _a9788475092485
041 _aESP
082 _a616.89156
_bM61
100 _aMinuchin, Salvador,
_eAUT
245 0 _aTécnicas de terapia familiar
_b
246 _a
_5
_b
260 _aBarcelona :
_bPaidós,
_c2021
300 _a286 páginas :
_b
_c22 cm.
_e
440 _a(Paidós terapia familiar
_n; número 9)
_v
650 _aTCA
653 _aTerapia familiar
654 _aCPS
700 _aFishman, H. Charles,
_cAUT
856 _uhttps://0u20vmxd5-y-https-ebookcentral-proquest-com.itmsp.museknowledge.com/lib/catolicasp/home.action
_zVéase además: Base de datos ProQuest Ebook Central
942 _cLIB
_dJUS
_fMAT
_2ddc
_n
999 _c21997
_d21997